Library Banner

Straight Talk: (Record no. 90293)

MARC details
000 -LEADER
fixed length control field 00440nam a22001697a 4500
005 - DATE AND TIME OF LATEST TRANSACTION
control field 20170213153500.0
008 - FIXED-LENGTH DATA ELEMENTS--GENERAL INFORMATION
fixed length control field 170119b xxu||||| |||| 00| 0 eng d
020 ## - INTERNATIONAL STANDARD BOOK NUMBER
International Standard Book Number 9787516601150
040 ## - CATALOGING SOURCE
Transcribing agency PK-LaUMT
082 ## - DEWEY DECIMAL CLASSIFICATION NUMBER
Classification number 711.4951
Item number JAO-S
100 ## - MAIN ENTRY--PERSONAL NAME
Personal name Jao, James C.
245 ## - TITLE STATEMENT
Title Straight Talk:
Remainder of title about china's urbanizaion/
Statement of responsibility, etc James C. Jao
260 ## - PUBLICATION, DISTRIBUTION, ETC. (IMPRINT)
Place of publication, distribution, etc [ ]
Name of publisher, distributor, etc Xinhua publishing house,
Date of publication, distribution, etc 2012
300 ## - PHYSICAL DESCRIPTION
Extent 251 p.
546 ## - LANGUAGE NOTE
Language note en
942 ## - ADDED ENTRY ELEMENTS (KOHA)
Koha item type Books
Holdings
Withdrawn status Lost status Damaged status Home library Current library Date acquired Full call number Barcode Date last seen Price effective from Koha item type
      UMT Main Campus UMT Main Campus 2017-01-19 711.4951 JAO-S 105089 2017-01-19 2017-01-19 Books